War Movies by clue - Statistics

General Stats
  • This quiz has been taken 15 times
  • The average score is 10 of 20
Answer Stats
Hint Movie % Correct
1) American soldiers try to rescue a fellow private whose 3 brothers were killed Saving Private Ryan
87%
7) A skinny Army recruit undergoes an experimental program that transforms him into a supersoldier with a shield Captain America
80%
3) British soldiers are caught in a mass evacuationfrom a French coastal town in 1940 Dunkirk
80%
12) 2 terrified British soldiers must cross enemy lines to delivera crucial message to stop a deadly attack during WW1 1917
67%
16) Follows the work of the famous physicist of the covert ManhattanProject to develop the first atomic bomb Oppenheimer
67%
5) Allied soldiers and childhood friends reunitein Hawaii days before the infamous bombing Pearl Harbor
67%
19) US soldiers in Somalia survive heavy fire in battle aftertheir helicopters are gunned down Black Hawk Down
60%
10) Sniper Chris Kyle has multiple deployments to Iraqbut deals with the reality of PTSD while home with his family American Sniper
53%
11) Privates Davis and Lawrence undergo the trials andtribulations of harsh drill sergeants at basic training for the Vietnam War Full Metal Jacket
53%
2) A battle hardened Sergeant takes his 5 manSherman tank crew behind German lines in 1945 Fury
53%
20) German Paul Baumer and his friends enlist in the First WorldWar but find out the harshness of battle very quickly All Quiet on the Western Front
47%
18) Follows a brilliant piano player forced into the Warsaw ghettoat the height of Nazi occupation of Poland The Pianist
47%
17) Col Robert Gould is given command of the first all Blackregiment of the Civil War following the brutality of Antietam Glory
33%
14) Follows the work of a dedicated female operative and the Navy Seals in the hunt for Osama Bin Laden Zero Dark Thirty
33%
4) Soviet sniper Vassili Zaitsev arrives in Stalingradin time for the brutal German assault in 1942 Enemy at the Gates
27%
8) PFC Desmond Doss refuses to bear arms during WW2but receives the Medal of Honor for his bravery Hacksaw Ridge
27%
13) German Col von Stauffenberg and his allies plot to assassinateHitler before its too late to save Germany Valkyrie
27%
15) Follows the brutal assault on Iwo Jima and the brave menthat fought to raise the flag on Mt Suribachi Flags of Our Fathers
20%
9) Navy SEAL Marcus Luttrells' team is killed in an ambushbut he finds asylum among Afghani villagers Lone Survivor
20%
6) 13 Black cadets are selected for a fighter pilotprogram and later become the famous Tuskegee Airmen Red Tails
13%
No matching quizzes found
Score Distribution
Percent of People with Each Score
Percentile by Number Answered
Your Score History
You have not taken this quiz